LEADER 01437nam a2200373 i 4500 001 991003615499707536 005 20250430161236.0 008 970419s1991 it gr 001 0 ita 020 $a8842038865 035 $ab11188017-39ule_inst 035 $aPARLA185170$9ExL 040 $aIstituto di Filosofia$bita$dSocioculturale Scs 041 1 $aita$hfre 082 04$a193$223 100 1 $aDerrida, Jacques$0139765 240 10$aGeschlecht 1.$94373929 245 13$aLa mano di Heidegger /$cJacques Derrida ; a cura di Maurizio Ferraris 260 $aBari :$bLaterza,$c1991 300 $aXLII, 171 p. ;$c21 cm 490 0 $aQuadrante ;$v52 500 $aTraduzione di Giovanni Scibilia, Gaetano Chiurazzi 600 14$aHeidegger, Martin 700 1 $aFerraris, Maurizio$d<1956- > 730 02$aGeschlecht 2.$94373930 830 1$aQuadrante ;$v52 907 $a.b11188017$b23-02-17$c28-06-02 912 $a991003615499707536 945 $aLE005 Ist.Fil. XVI L 30$g1$i2005000236990$lle005$o-$pE0.00$q-$rl$s-$t0$u2$v0$w2$x0$y.i11336432$z28-06-02 945 $aLE005 Ist.Fil. XVII L 36$g1$iLE004-5324$lle005$o-$pE0.00$q-$rl$s-$t0$u0$v0$w0$x0$y.i11336444$z28-06-02 945 $aLE021 NGB26$g1$i2021000209123$lle021$o-$pE0.00$q-$rl$s-$t0$u1$v0$w1$x0$y.i12515061$z15-05-03 996 $aGeschlecht 2$94373930 996 $aGeschlecht 1$94373929 997 $aUNISALENTO 998 $ale005$ale021$b01-01-97$cm$da$e-$fita$git$h3$i2